Landlocked Country Blitz Quiz Stats

Quiz Updated Apr 25, 2018

Challenge
Share
Tweet
Embed
Score 0/45 Timer 02:00
11 Plays Today
% Correct
Austria
69.7%
Switzerland
69.6%
Mongolia
62%
Bolivia
60.6%
Chad
60.1%
Paraguay
59%
Luxembourg
56.8%
Andorra
56.1%
Liechtenstein
56%
Czechia
55.1%
Nepal
54.1%
Hungary
54%
Kazakhstan
53.8%
Slovakia
52.3%
Vatican City
51.4%
Lesotho
49.6%
Niger
48.6%
Uzbekistan
47.7%
Central African Republic
47.5%
San Marino
46.1%
Tajikistan
45.8%
Turkmenistan
45.4%
Mali
45.1%
% Correct
Afghanistan
44.4%
Rwanda
44.4%
Kyrgyzstan
44%
Bhutan
43.9%
Belarus
43.1%
Serbia
41.6%
South Sudan
41.3%
Swaziland
40.6%
Uganda
39.7%
Moldova
37.6%
Kosovo
36.5%
Burundi
36.3%
Laos
34.3%
Botswana
33.5%
Macedonia
33.2%
Zambia
32.7%
Zimbabwe
32%
Armenia
31.8%
Malawi
31.4%
Azerbaijan
30.8%
Burkina Faso
30.3%
Ethiopia
27.2%

You're not logged in!

Compare scores with friends on all Sporcle quizzes.
Join for Free
OR
Log In

You Might Also Like...

Show Comments

Extras

Top Quizzes Today


Score Distribution

Your Account Isn't Verified!

In order to create a playlist on Sporcle, you need to verify the email address you used during registration. Go to your Sporcle Settings to finish the process.

Report this User

Report this user for behavior that violates our Community Guidelines.

Details: